000 00375nam a2200181Ia 4500
003 IT-RoPAU
008 120407s9999 xx 000 0 und d
040 _aIT-RoPAU
040 _cIT-RoPAU
100 _aJaroslav Pelikan
245 _aGesù nella storia
260 _aLaterza
300 _c cm
490 _v1
600 _aaltra edizione
942 _cBK
999 _c7434
_d7434